| 000 | 00619nam a22002537a 4500 | ||
|---|---|---|---|
| 003 | UA-OsUOA | ||
| 001 | 22524 | ||
| 007 | ta | ||
| 008 | 20031222b un ||||| |||| 00| 0 ukr d | ||
| 090 |
_a177 _bД29 |
||
| 942 | _cBK | ||
| 040 |
_aUA-OsUOA _bukr _cUA-OsUOA _dUA-OsUOA |
||
| 245 |
_aДеловой этикет _cСост. И.Афанасьев |
||
| 300 | _a352 с. | ||
| 955 | _a0 | ||
| 041 | _aukr | ||
| 080 | _a177 | ||
| 020 | _a966-542-096-8 | ||
| 260 |
_aКиїв _bАльтерпрес _c2001 |
||
| 044 | _aUA | ||
| 250 | _n2-еизд., доп. и перераб. | ||
| 650 | 7 | _2UDC | |
| 999 |
_c308744 _d308744 |
||